000 00274nam a2200133 i 4500
001 bg
100 1 _aMILLS, J.
245 0 _aBetonplastiken /
_cJ. Mills.
260 _aBerlin.
040 _cBPK
041 _apol
942 _cKS
008 s pl f |000 0 pol
999 _c8630
_d8630
856 _uhttp://koha.tu.koszalin.pl/cgi-bin/koha/opac-detail.pl?biblionumber=8630
_yKatalog online BPK